000 00657nam a2200241Ia 4500
003 OSt
005 20220924131726.0
006 a|||||r|||| 00| 0
007 ta
008 220923b |||||||| |||| 00| 0 san d
024 _a9071
037 _cTextual
040 _aARTS
_cARTS
_bsan
041 _2san
_asan
082 _aB9:1, 15K7
100 _aBhattacarya Vibhuti Bhusna Ed.
_9202726
245 0 _aHayata
260 _aVaranasi
_bVaraneseya Sanskrit Vishvadiyalas
_c1967
300 _a161p
_ccm.
650 _aMATHEMATICS
_92141
942 _hB9:1, 15K7
_cTEXL
_2CC
999 _c428018
_d428018